| 000 | 00545nam a2200205Ia 4500 | ||
|---|---|---|---|
| 003 | OSt | ||
| 005 | 20251211114326.0 | ||
| 008 | 210707s1983 xx 000 0 und d | ||
| 040 | _cAL | ||
| 041 | _aKannada | ||
| 082 | _aK894.2 PARB | ||
| 100 |
_aPARVATAVANI _dಪರ್ವತವಾಣಿ _9170894 |
||
| 245 |
_aBahaddur ganda. _bಬಹದ್ದೂರ್ ಗಂಡ |
||
| 260 |
_aBengaluru _bVishva Kannada Sammelana _c1983 |
||
| 300 | _a135 p | ||
| 365 |
_b100 _cINR |
||
| 563 | _aPB | ||
| 650 |
_aKannada Drama _9170895 |
||
| 942 |
_2ddc _cBK |
||
| 999 |
_c180167 _d180167 |
||